000
00295nam a22001337a 4500
008
180127b xxu||||| |||| 00| 0 eng d
020
_a
9781401832995
041
_a
eng
080
_a
617
100
_a
5
101
_a
SHK
245
_a
Surgical Intstrumentation
_c
Sedlak, P.K
942
_2
udc
_c
BK
999
_c
41074
_d
41074